000 01201nab a22002177a 4500
999 _c6007
_d6007
003 OSt
005 20260116160025.0
008 190605e xxu||||| |||| 00| 0 spa d
040 _cPJ
100 _96818
_aGurdulich, Graciela M.
245 1 0 _aLey Bases y Puntos de Partida para la Libertad de los Argentinos (ley 27.742). Título IV: Promoción del Empleo Registrado /
_cGraciela M. Gurdulich.
260 _aCiudad Autónoma de Buenos Aires :
_bThomson Reuters La Ley,
_c2025.
300 _ap. 43-45
500 _aCita Online: Cita: TR LALEY AR/DOC/861/2025.
505 _aSumario: I. Introducción.— II. Análisis.— III. El problema que suscita la condonación de aportes y contribuciones al SIPA (Sistema Integrado Previsional Argentino, ley 24.241).— IV. Naturaleza de los recursos.— V. Colofón.— VI. El dec. 847/2024 (BO 26/09/2024).
505 _t¿Te interesa el texto completo? Solicitalo al correo: koha@justierradelfuego.gov.ar
650 0 _91316
_aDERECHO LABORAL
653 _aMORATORIA PREVISIONAL
773 0 _02711
_93168
_dCiudad Autónoma de Buenos Aires : Thomson Reuters La Ley, 1999-2002.
_tRevista de derecho del trabajo. Nº 3 - Mayo 2025
942 _2udc
_cANA